Kuttippuzha Krishan Pillai Vicharaviplavathinte Deepasikha/ (Record no. 141709)

000 -LEADER
fixed length control field 00594nam a22001817a 4500
020 ## - INTERNATIONAL STANDARD BOOK NUMBER
International Standard Book Number 9789386085719
082 ## - DEWEY DECIMAL CLASSIFICATION NUMBER
Classification number M 894.812 092
Item number JOS/K
100 ## - MAIN ENTRY--PERSONAL NAME
Personal name Joseph Panakkal
9 (RLIN) 155457
245 ## - TITLE STATEMENT
Title Kuttippuzha Krishan Pillai Vicharaviplavathinte Deepasikha/
Statement of responsibility, etc. by Joseph Panakkal
260 ## - PUBLICATION, DISTRIBUTION, ETC.
Place of publication, distribution, etc. Kottayam:
Name of publisher, distributor, etc. Sahitya Pravarthaka Cooperative Society,
Date of publication, distribution, etc. 2016.
300 ## - PHYSICAL DESCRIPTION
Extent 118p.
650 ## - SUBJECT ADDED ENTRY--TOPICAL TERM
Topical term or geographic name entry element Biography Kuttippuzha Krishnapillai
9 (RLIN) 155458
650 ## - SUBJECT ADDED ENTRY--TOPICAL TERM
Topical term or geographic name entry element Biography Malayalam
9 (RLIN) 155459
650 ## - SUBJECT ADDED ENTRY--TOPICAL TERM
Topical term or geographic name entry element Biography
9 (RLIN) 155460
650 ## - SUBJECT ADDED ENTRY--TOPICAL TERM
Topical term or geographic name entry element Literature Malayalam
9 (RLIN) 155461
650 ## - SUBJECT ADDED ENTRY--TOPICAL TERM
Topical term or geographic name entry element Literature
9 (RLIN) 155462
942 ## - ADDED ENTRY ELEMENTS (KOHA)
Koha item type Book
Holdings
Withdrawn status Lost status Damaged status Not for loan Permanent Location Current Location Shelving location Date acquired Cost, normal purchase price Total Checkouts Full call number Barcode Date last seen Date last checked out Price effective from Koha item type
        Sree Sankaracharya University of Sanskrit Sree Sankaracharya University of Sanskrit Stacks 29.04.2019 110.00 1 M 894.812 092 JOS/K 095251 25.02.2026 31.01.2026 29.04.2019 Book